UM Logo

Salas and Hille's calculus : (Record no. 7954)

MARC details
000 -LEADER
fixed length control field 00499nam a22001577a 4500
008 - FIXED-LENGTH DATA ELEMENTS--GENERAL INFORMATION
fixed length control field 171207b xxu||||| |||| 00| 0 eng d
020 ## - INTERNATIONAL STANDARD BOOK NUMBER
International Standard Book Number 0471123668
082 ## - DEWEY DECIMAL CLASSIFICATION NUMBER
Edition number 19995
Classification number DC 515
Item number Sa3
245 ## - TITLE STATEMENT
Title Salas and Hille's calculus :
Remainder of title one variable /
Statement of responsibility, etc. revised by Garret J. Etgen.
250 ## - EDITION STATEMENT
Edition statement Seventh edition.
260 ## - PUBLICATION, DISTRIBUTION, ETC. (IMPRINT)
Place of publication, distribution, etc. New York :
Name of publisher, distributor, etc. Wiley,
Date of publication, distribution, etc. ©1995.
300 ## - PHYSICAL DESCRIPTION
Extent xix, 771, [80] pages :
Other physical details color illustrations ;
Dimensions 26 cm.
500 ## - GENERAL NOTE
General note Includes index.
650 #0 - SUBJECT ADDED ENTRY--TOPICAL TERM
9 (RLIN) 24460
Topical term or geographic name as entry element Calculus.
942 ## - ADDED ENTRY ELEMENTS (KOHA)
Source of classification or shelving scheme Dewey Decimal Classification
Koha item type Circulation
Holdings
Withdrawn status Lost status Source of classification or shelving scheme Damaged status Not for loan Collection code Home library Current library Shelving location Date acquired Source of acquisition Total Checkouts Full call number Barcode Date last seen Date last checked out Copy number Price effective from Koha item type
    Dewey Decimal Classification     Circulation UM Digos College - LIC UM Digos College - LIC Book Cart 08/09/2003 Purchased 1 DC 515 Sa3 1995 15349 05/15/2025 11/28/2018 2 12/07/2017 Circulation
    Dewey Decimal Classification     Circulation UM Digos College - LIC UM Digos College - LIC   08/09/2003 Purchased   DC 515 Sa3 1995 15348 05/15/2025   1 12/07/2017 Circulation